00495nam a2200193 a 4500001001300000003000900013005001700022008004100039020002200080082001600102100001400118245004300132260004000175300000800215500003500223505001700258650001200275700001400287nice12345678IN_TiNIC20260116013247.0050524s1993 newa grp 000 0 eng  a8125041 c4000a306.69bMAN aMandal, D aAyodhyab Archaeology After Demolition aNew Delhi bOrient Blackswan c1993 a69p aincludes index and biblioraphy2 aBibliography aAyodhya1 aMandal, D